1532 1201 1026 1363 1584 1264 1877 1527 1633 1766 1218 1810 1644 1079 1276 1344 1492 1507 1535 1079 1650 1863 1598 1989 1737 1590 1888 1725 1349 1183 1915 1435 1073 1924 1812 1728 1348 1990 1980 1177 1731 1670 1166 1150 1200 1142 1861 1520 1519 1543 1448 1794 1861 1742 1760 1556 1686 1109 1622 1369 1594 1937 1088 1389 1901 1939 1203 1144 1514 1904 1806 1765 1686 1345 1135 1129 1226 1184 1522 1922 1506 1772 1592 1773 1803 1380 1135 1100 1018 1129 1159 1883 1324 1700 1641 1270 1482 1856 1958 BCNSPRNW ULIB Ver.6.0+V

เปลี่ยนเป็นภาษาไทย

Change to English
 แสดงรายละเอียดบรรณานุกรม
  กลับหน้าหลัก

Brief Record : Get Marc (ISO 2709) : E-mail record : QR code < ปิดหน้าต่าง
LEADER : 00000nam 2200000uu 4500
001    13399111753
003     ULIB
008    110707s2551||||th 000 0 tha d
020    9789747084887
082 04 DS556.39^bภ639ท ล.3 2551
100 0  พงศกร ประทุมวงษ์
245 10 เที่ยวไม่ง้อทัวร์ ตีตั๋วตะลุยญี่ปุ่น 3 /^cพงศกร ประทุมวงษ์
250    พิมพ์ครั้งที่ 1
260    กรุงเทพฯ :^bทิบ ไทย อินเตอร์ บุ๊ค,^c2551
300    344 หน้า :^bภาพประกอบ, แผนที่ ;^c19 ซม
651  7 ญี่ปุ่น^xภูมิประเทศและการท่องเที่ยว
651  7 ญี่ปุ่น^xหนังสือนำเที่ยว
945    ^p195^l0^i027250
945    ^p195^l0^i027249
995    ทศพร
999 ^a ใช้งานได้ทุกระบบ
รายการนี้ยังไม่มีแท็ก
คุณยังไม่ได้ล็อกอิน คุณสามารถมีกิจกรรมร่วมกับเว็บไซต์ได้ แต่ต้องล็อกอินก่อน ::
  ล็อกอิน

รายการสื่อสารสนเทศ

ลำดับที่ ประเภท เลขเรียก/บาร์โค้ด สถานที่ สถานะ
- ไม่พบข้อมูล -

BibComment


ยังไม่เคยถูกคอมเมนท์

คอมเมนท์ทรัพยากรรายการนี้
  คอมเมนท์: เที่ยวไม่ง้อทัวร์..


 Copyright 2026. Bcnsprnw @Library